00363 2200157 4500245003600000020002200036250001100058100001500069650001600084005001900100260004000119041001400159084000800173300001500181336000900196 aDark MemoriescPia DevinahText a978-602-375-266-9 aCet. 1 aPia Devina aNovel Fiksi a20230112105652 aJakartabGramedia Widiasaranac2015 aIndonesia a813 a154 hlm. : atext